Πρακτικά ημερίδων εκπαιδευτικής έρευνας

Αποθηκεύτηκε σε:
Λεπτομέρειες βιβλιογραφικής εγγραφής
Συγγραφή απο Οργανισμό/Αρχή: Διδασκαλείο Δημήτρης Γληνός
Μορφή: Βιβλίο
Γλώσσα:Greek
Δημοσίευση: Θεσσαλονίκη : Α.Π.Θ., 2000-2001
Θέματα:
Ετικέτες: Προσθήκη ετικέτας
Δεν υπάρχουν, Καταχωρήστε ετικέτα πρώτοι!

MARC

LEADER 00000cam a2200000 i 4500
001 1/75159
008 031009m20002001 gre d
020 |a 960-243-576-3 (τ.1) 
020 |a 960-243-516-X (τ.2) 
035 |l 10077629 
040 |a GR-MY-UA  |b gre  |e aacr 
041 0 |a gre 
082 0 |a 370.7  |2 (21) 
245 1 0 |a Πρακτικά ημερίδων εκπαιδευτικής έρευνας 
246 3 3 |a Εκπαιδευτική έρευνα 
260 |a Θεσσαλονίκη :   |b Α.Π.Θ.,   |c 2000-2001 
300 |a 2 τ.  |b πιν. 
500 |a Άνω του τίτλου: Αριστοτέλειο Πανεπιστήμιο Θεσσαλονίκης. Παιδαγωγικό Τμήμα Δημοτικής Εκπαίδευσης. Διδασκαλείο Δημοτικής Εκπαίδευσης "Δημήτρης Γληνός" 
505 0 |a τ.1: 1996-1998.-- τ.2: 1999-2000 
650 0 0 |a Education  |x Research. 
710 2 |a Διδασκαλείο Δημήτρης Γληνός. 
852 |a INST  |b RHODES  |e 20031009  |h 370.7 ΠΡΑ  |p 005400020407  |q 005400020407  |t BK  |y 0  |z τ.1 
852 |a INST  |b RHODES  |e 20050413  |h 370.7 ΠΡΑ  |p 005400020433  |q 005400020433  |t BK  |y 0  |z τ.2 
852 |a INST  |b RHODES  |e 20050413  |h 370.7 ΠΡΑ  |p 005400020434  |q 005400020434  |t BK  |y 0  |z τ.2 
852 |a INST  |b RHODES  |e 20031009  |h 370.7 ΠΡΑ  |p 005400020407  |q 005400020407  |t BK  |v τ.1:  |y 0  |z τ.1 
852 |a INST  |b RHODES  |e 20050413  |h 370.7 ΠΡΑ  |p 005400020433  |q 005400020433  |t BK  |v τ.2:  |y 0  |z τ.2 
852 |a INST  |b RHODES  |e 20050413  |h 370.7 ΠΡΑ  |p 005400020434  |q 005400020434  |t BK  |v τ.2:  |y 0  |z τ.2 
853 |a INST  |b RHODES  |h 370.7 ΠΡΑ 
901 |a BIBL4-2003-3 
901 |a BIBL4-2005-1 
909 |a Ρ  |b 101850 
909 |a Ρ  |b 101851 
909 |a Ρ  |b 101890 
970 |a ΚΟΥΛΑΚΙΟΤΗ  |b ΛΙΤΣΑ  |z 2003/10/09